000 00538cam a22001931 4500
001 af 48003901
003 DLC
005 20260227110905.0
008 890323s1943 gw 000 0 ger c
010 _aaf 48003901
035 _a(OCoLC)19419218
040 _aCalifornia. Univ. Libr.
_cCU
_dDLC
042 _apremarc
050 0 0 _aPT2603.E18
_bU4
100 1 _aBecker, Herbert,
_d1903-
245 1 0 _aÜber uns die Sterne,
_bSchauspiel in 3 Akten.
260 _aBerlin-Charlottenburg,
_bG. Kiepenheuer
_c[c1943]
300 _a110 p.
_c21 cm.
999 _c5818
_d5818